Statistics for Der er et yndigt land (Anthem of Denmark) Lyrics Quiz

Click here to take the quiz!

General Stats

  • This quiz has been taken 140 times
  • The average score is 22 of 25

Answer Stats

Answers% Correct
er
99%
et
99%
land,
99%
yndigt
98%
Der
97%
det
92%
Det
92%
med
90%
sal.
90%
står
90%
bøge
87%
brede
87%
i
86%
salten
86%
nær
83%
Danmark
82%
dal,
81%
østerstrand.
81%
bakke,
80%
Frejas
80%
og
80%
sig
79%
gamle
78%
hedder
76%
bugter
72%

Score Distribution

Percentile by Number Answered

Percent of People with Each Score

Your Score History

You have not taken this quiz